000
00217nam a2200097 4500
999
_c
531409
_d
531409
040
_c
DLC
082
_a
954.91
_b
ASH
100
_a
Col. (R) Ashfaq Hussain
_9
24090
245
_a
Gentleman Astaghfirullah
942
_2
ddc
_c
BK